Návrh prípravku pre montáž úpiniek

Na minha lista:
Detalhes bibliográficos
Autor principal: Horváth, Filip (Author)
Outros Autores: Václav, Štefan (Thesis advisor)
Formato: Manuscrito Livro
Idioma:eslovaco
Publicado em: 2017
Assuntos:
Acesso em linha:http://is.stuba.sk/zp/portal_zp.pl?podrobnosti=126125
Tags: Adicionar Tag
Sem tags, seja o primeiro a adicionar uma tag!

MARC

LEADER 00000ntm a22000003a 4500
001 stuzp62281
003 SK-STU
005 20170610210510.7
007 ta
008 150427s2015----xo-----f-mn---000-0-slo-d
040 |a STU  |b slo 
041 0 |a slo 
100 1 |a Horváth, Filip  |u 063000  |k Z4  |4 aut  |U MTF Materiálovotechnologická fakulta  |T MTF Ústav výrobných technológií  |X 46820  |U M3000  |Y 83  |7 46820 
242 0 1 |a Design of a preparation for the assembly of clamps  |y eng 
245 1 0 |a Návrh prípravku pre montáž úpiniek 
260 |c 2017 
650 4 |a prípravok  |2 slo 
650 4 |a konštruovanie  |2 slo 
650 4 |a montáž  |2 slo 
650 4 |a preparation  |2 eng 
650 4 |a construction  |2 eng 
650 4 |a assembly  |2 eng 
700 1 |a Václav, Štefan  |u 063000  |k Z1  |4 ths  |U MTF Materiálovotechnologická fakulta  |T MTF Ústav výrobných technológií  |X 2778  |U M3000  |Y 83  |7 A000002778 
856 4 |u http://is.stuba.sk/zp/portal_zp.pl?podrobnosti=126125 
996 |c M* DP-13086  |l MMSKP  |s P  |a 0  |w stuzp62281_0001